[Event "DEM U14 2016"]
[Site "Willingen GER"]
[Date "2016.05.19"]
[Round "7"]
[White "Engel, Luis"]
[Black "Zimmer, Raphael"]
[Result "1-0"]
[Termination "normal"]
[Board "1"]
[WhiteElo "2223"]
[BlackElo "2091"]
[WhiteClock "00:20:12"]
[BlackClock "00:19:55"]
[PlyCount "99"]
[WhiteFideId "12961523"]
[BlackFideId "12978841"]
[EventCountry "GER"]
[EventRounds "9"]
[EventType "swiss"]
[EventDate "2016.05.14"]

1. d4 d5 2. c4 e6 3. cxd5 exd5 4. Nc3 c5 5. Nf3 Nc6 6. g3 Nf6 7. Bg2 h6 8. O-O
Be6 9. b3 Qa5 10. Bb2 cxd4 11. Nxd4 Bb4 12. Rc1 O-O 13. Nxc6 bxc6 14. Na4 Rac8
15. a3 Be7 16. b4 Qb5 17. Bd4 Nd7 18. Nc5 Rfd8 19. Nxd7 Rxd7 20. Bc5 Bf6 21. e3
Qa6 22. a4 Rcc7 23. Re1 Bf5 24. Bf1 Qc8 25. Qd2 Rd8 26. Bd4 Be7 27. Qb2 Be4 28.
Bxg7 Qg4 29. Bxh6 Bxb4 30. h3 Qg6 31. Qxb4 Qxh6 32. Bg2 Bf5 33. h4 Rdc8 34. Rc5
Re8 35. Bxd5 Qf8 36. Qc3 Bg6 37. Rxc6 Rxc6 38. Qxc6 Kh7 39. Rc1 Re7 40. Bf3 Qd8
41. Rd1 Qa5 42. Qb5 Qc3 43. Kg2 Qf6 44. Qc4 Re5 45. Rd4 Qe7 46. h5 Bf5 47. Rd5
Re4 48. Qc5 Bg4 49. Bxg4 Qxc5 50. Bf5+ 1-0

[Event "DEM U14 2016"]
[Site "Willingen GER"]
[Date "2016.05.19"]
[Round "7"]
[White "Roseneck, Jonas"]
[Black "Färber, David"]
[Result "1-0"]
[Termination "normal"]
[Board "2"]
[WhiteElo "2011"]
[BlackElo "2117"]
[WhiteClock "00:03:03"]
[BlackClock "00:04:58"]
[PlyCount "73"]
[WhiteFideId "12939870"]
[BlackFideId "12971294"]
[EventCountry "GER"]
[EventRounds "9"]
[EventType "swiss"]
[EventDate "2016.05.14"]

1. e4 c6 2. c4 d5 3. exd5 cxd5 4. cxd5 Nf6 5. Nc3 Nxd5 6. Nf3 Nc6 7. Bb5 e6 8.
d4 Be7 9. O-O O-O 10. Re1 Bd7 11. Bd3 Bf6 12. a3 Qb6 13. Na4 Qc7 14. Bb1 b5 15.
Nc3 Nxc3 16. bxc3 Rac8 17. Bg5 Qd8 18. Qd3 g6 19. Bxf6 Qxf6 20. Qxb5 Rfd8 21.
Qd3 Be8 22. Ba2 Rd6 23. Rad1 Rcd8 24. Nd2 Qh4 25. Ne4 R6d7 26. Nc5 Rc7 27. Qe3
Qf6 28. Qg3 Re7 29. h3 a5 30. Rd3 Bd7 31. Rf3 Qg7 32. Ne4 Bc8 33. Nf6+ Kh8 34.
Qg5 h6 35. Qc5 Rc7 36. Qb6 Nxd4 37. cxd4 1-0

[Event "DEM U14 2016"]
[Site "Willingen GER"]
[Date "2016.05.19"]
[Round "7"]
[White "Schmider, Niklas"]
[Black "Kopylov, Daniel"]
[Result "1/2-1/2"]
[Termination "normal"]
[Board "3"]
[WhiteElo "2023"]
[BlackElo "2098"]
[WhiteClock "00:02:35"]
[BlackClock "00:07:46"]
[PlyCount "139"]
[WhiteFideId "12993778"]
[BlackFideId "12921971"]
[EventCountry "GER"]
[EventRounds "9"]
[EventType "swiss"]
[EventDate "2016.05.14"]

1. e4 c5 2. Nc3 Nc6 3. g3 g6 4. Bg2 Bg7 5. d3 d6 6. f4 e6 7. Be3 Nge7 8. Nge2
O-O 9. O-O Nd4 10. Qd2 Rb8 11. Nd1 d5 12. Nc1 b6 13. c3 Ndc6 14. Qc2 d4 15. Bd2
dxc3 16. bxc3 Nb4 17. Qb1 Ba6 18. Nf2 Nbc6 19. Rd1 b5 20. Nb3 b4 21. Qc2 Bxd3
22. Nxd3 c4 23. Ndc1 cxb3 24. Nxb3 Qb6+ 25. Kh1 Rbc8 26. e5 Rfd8 27. c4 Nf5 28.
c5 Qb5 29. Bf1 Qb7 30. Qe4 a5 31. g4 Nfd4 32. Bg2 Qb5 33. Bf1 Qa4 34. Bc4 Nxb3
35. axb3 Qxa1 36. Rxa1 Rxd2 37. Ba6 Rc7 38. Qe3 Rd5 39. Bc4 Rd8 40. Ra2 Bf8 41.
f5 exf5 42. e6 fxg4 43. exf7+ Kg7 44. Rd2 Re7 45. Qf2 Rxd2 46. Qxd2 Ne5 47. Qd4
Kh6 48. Qf4+ Kg7 49. Bd5 Nxf7 50. Bxf7 Rxf7 51. Qe5+ Rf6 52. Qc7+ Kg8 53. Qd7
Bxc5 54. Qd5+ Kg7 55. Qxc5 Rf5 56. Qd4+ Kf7 57. Qxg4 Kg7 58. Kg2 Kf6 59. h4 Kg7
60. Qd4+ Kg8 61. Qd7 Kh8 62. Qe7 Kg8 63. Kg3 h5 64. Qa7 Kh8 65. Qb6 Kg7 66. Qe6
Kh7 67. Qe7+ Kg8 68. Qe6+ Kg7 69. Qe7+ Kg8 70. Qe8+ 1/2-1/2

[Event "DEM U14 2016"]
[Site "Willingen GER"]
[Date "2016.05.19"]
[Round "7"]
[White "Wierzbicki, Jirawat"]
[Black "Suvorov, Alexander"]
[Result "1/2-1/2"]
[Termination "normal"]
[Board "4"]
[WhiteElo "2071"]
[BlackElo "2086"]
[WhiteClock "00:04:02"]
[BlackClock "00:13:00"]
[PlyCount "113"]
[WhiteFideId "1153579"]
[BlackFideId "12977063"]
[EventCountry "GER"]
[EventRounds "9"]
[EventType "swiss"]
[EventDate "2016.05.14"]

1. e4 c5 2. c3 d5 3. exd5 Qxd5 4. d4 cxd4 5. cxd4 g6 6. Nc3 Qd8 7. Nf3 Bg7 8.
Bc4 Nh6 9. h3 O-O 10. O-O Nf5 11. Be3 Nc6 12. Ne2 Nd6 13. Bb3 Na5 14. Rc1 Bf5
15. Ne5 Nxb3 16. Qxb3 Qa5 17. Rc5 Qb6 18. Qa3 Rfd8 19. Nc3 Be4 20. f3 Bc6 21.
Nxc6 bxc6 22. Qa4 Rac8 23. Bf2 Qxb2 24. Rb1 Qd2 25. Rd1 Qf4 26. Ne2 Qf6 27.
Rxc6 Rxc6 28. Qxc6 Rc8 29. Qa4 Qf5 30. Qxa7 Qc2 31. Re1 Bf6 32. Qa6 Qd2 33. Qa3
Rc2 34. Qe3 Qxe3 35. Bxe3 Rxa2 36. Nc3 Rc2 37. Nd5 Kg7 38. Nxf6 Kxf6 39. Bf4
Nc4 40. Be5+ Nxe5 41. Rxe5 Rd2 42. Re4 e6 43. Rf4+ Ke7 44. g4 f6 45. Re4 Kf7
46. Rf4 h6 47. h4 Ke7 48. g5 hxg5 49. hxg5 fxg5 50. Rg4 Kf6 51. Re4 Rc2 52. Rg4
Kf5 53. Re4 Ra2 54. Rg4 Ra4 55. Kf2 Rb4 56. Ke2 Rb3 57. Kf2 1/2-1/2

[Event "DEM U14 2016"]
[Site "Willingen GER"]
[Date "2016.05.19"]
[Round "7"]
[White "Pajeken, Jakob Leon"]
[Black "Wong, Gengchun"]
[Result "0-1"]
[Termination "normal"]
[Board "5"]
[WhiteElo "2066"]
[BlackElo "2077"]
[WhiteClock "00:37:13"]
[BlackClock "00:05:13"]
[PlyCount "108"]
[WhiteFideId "12942839"]
[BlackFideId "12963283"]
[EventCountry "GER"]
[EventRounds "9"]
[EventType "swiss"]
[EventDate "2016.05.14"]

1. e4 d5 2. exd5 Qxd5 3. Nc3 Qa5 4. d4 Nf6 5. Bc4 Bg4 6. f3 Bf5 7. g4 Bg6 8. h4
h6 9. Nh3 e6 10. Nf4 Bh7 11. Qe2 Nc6 12. Be3 O-O-O 13. O-O-O Bd6 14. Ng2 Bb4
15. Nb1 Nd5 16. a3 Be7 17. b4 Qb6 18. Bxd5 exd5 19. Nc3 a5 20. Nf4 axb4 21.
Ncxd5 Qa5 22. Nxe7+ Nxe7 23. axb4 Qxb4 24. d5 Qa3+ 25. Kb1 Rd6 26. Bd4 Nxd5 27.
Nxd5 Rxd5 28. Bxg7 Qb3+ 29. Kc1 Rc5 30. Rd2 Rg8 31. Re1 Rxc2+ 32. Rxc2 Bxc2 33.
Qxc2 Qxc2+ 34. Kxc2 Rxg7 35. Re8+ Kd7 36. Rb8 b6 37. h5 f5 38. gxf5 Rf7 39. Rh8
Rxf5 40. Rxh6 Rxf3 41. Rg6 Rh3 42. h6 Kc8 43. Kb2 Kb7 44. Kc2 c5 45. Rg7+ Ka6
46. Rh7 Kb5 47. Rh8 Kc4 48. h7 Rh2+ 49. Kd1 b5 50. Kc1 b4 51. Kd1 b3 52. Ke1
Rh1+ 53. Kd2 b2 54. Rb8 Rxh7 0-1

[Event "DEM U14 2016"]
[Site "Willingen GER"]
[Date "2016.05.19"]
[Round "7"]
[White "Stelmaszyk, Nico"]
[Black "Biastoch, Bennet"]
[Result "0-1"]
[Termination "normal"]
[Board "7"]
[WhiteElo "1778"]
[BlackElo "2105"]
[WhiteClock "00:04:03"]
[BlackClock "00:04:14"]
[PlyCount "122"]
[WhiteFideId "16200462"]
[BlackFideId "12939889"]
[EventCountry "GER"]
[EventRounds "9"]
[EventType "swiss"]
[EventDate "2016.05.14"]

1. e4 c5 2. c3 Nf6 3. e5 Nd5 4. d4 cxd4 5. cxd4 d6 6. Nf3 Nc6 7. Bc4 e6 8. O-O
Be7 9. Qe2 O-O 10. Rd1 Na5 11. Bxd5 exd5 12. Nc3 Be6 13. Bf4 Nc6 14. Nb5 dxe5
15. dxe5 a6 16. Nbd4 Bg4 17. Nxc6 bxc6 18. h3 Bh5 19. Rac1 Qd7 20. Be3 f6 21.
g4 Bxg4 22. hxg4 Qxg4+ 23. Kf1 Qh3+ 24. Kg1 fxe5 25. Nxe5 Rf6 26. Rd4 Bd6 27.
Qg4 Qxg4+ 28. Nxg4 Rg6 29. Kh1 Bc7 30. Nh2 Rf8 31. Rg4 Re6 32. Nf1 Rf3 33. Kg2
Rff6 34. Nd2 h5 35. Rg5 g6 36. Nb3 Kf7 37. Nc5 Re8 38. Nxa6 Be5 39. Rc2 d4 40.
Bc1 d3 41. Rc4 Rd6 42. Nb4 d2 43. Bxd2 Rxd2 44. Nxc6 Bf6 45. Rf4 Kg7 46. Rb5
Bxb2 47. a4 Bc3 48. Rb3 g5 49. Rf3 Bf6 50. Rfe3 Rxe3 51. Rxe3 Ra2 52. a5 g4 53.
Kg3 Kg6 54. Rb3 Ra4 55. Rb6 h4+ 56. Kg2 h3+ 57. Kh2 Bg5 58. Kg3 Bf4+ 59. Kh4 h2
60. Rb1 g3 61. fxg3 Bc1+ 0-1

[Event "DEM U14 2016"]
[Site "Willingen GER"]
[Date "2016.05.19"]
[Round "7"]
[White "Holinka, Henning"]
[Black "Preißler, Niklas"]
[Result "1/2-1/2"]
[Termination "normal"]
[Board "9"]
[WhiteElo "2011"]
[BlackElo "1909"]
[WhiteClock "00:02:10"]
[BlackClock "00:18:57"]
[PlyCount "107"]
[WhiteFideId "12967084"]
[BlackFideId "12927554"]
[EventCountry "GER"]
[EventRounds "9"]
[EventType "swiss"]
[EventDate "2016.05.14"]

1. d4 Nf6 2. Nc3 d5 3. Bf4 e6 4. Qd2 Bb4 5. f3 c5 6. e3 O-O 7. a3 Bxc3 8. Qxc3
cxd4 9. exd4 Nc6 10. O-O-O Qa5 11. Ne2 Qxc3 12. Nxc3 a6 13. Na4 Nd7 14. b4 b5
15. Nc5 Nxc5 16. bxc5 Bd7 17. c3 Ra7 18. Kc2 Na5 19. h4 Bc6 20. Rh3 Nc4 21.
Bxc4 bxc4 22. Rb1 Rb7 23. Rxb7 Bxb7 24. Rh1 Bc6 25. g4 Rc8 26. Kd2 Ba4 27. h5
f6 28. Bd6 Kf7 29. f4 Rc6 30. Rb1 Bb3 31. g5 f5 32. Rg1 Kg8 33. g6 Rc8 34.
gxh7+ Kxh7 35. Rg6 Re8 36. c6 Ba4 37. c7 Bd7 38. Rg1 Kh6 39. Be5 Re7 40. Rb1
Bc8 41. Rb8 Re8 42. a4 Rg8 43. Bd6 Kxh5 44. Be7 Kg4 45. Bd8 Bd7 46. Be7 Bc8 47.
Bg5 Rf8 48. a5 Rh8 49. Kc1 Kf3 50. Kb2 Ke4 51. Ka3 Kd3 52. Kb4 Re8 53. Bd8 Bd7
54. Bg5 1/2-1/2

[Event "DEM U14 2016"]
[Site "Willingen GER"]
[Date "2016.05.19"]
[Round "7"]
[White "Hoffmann, Lennard"]
[Black "Mätzkow, Maximilian Paul"]
[Result "0-1"]
[Termination "normal"]
[Board "10"]
[WhiteElo "1867"]
[BlackElo "2161"]
[WhiteClock "00:27:32"]
[BlackClock "00:31:36"]
[PlyCount "96"]
[WhiteFideId "12943495"]
[BlackFideId "24679933"]
[EventCountry "GER"]
[EventRounds "9"]
[EventType "swiss"]
[EventDate "2016.05.14"]

1. e4 e6 2. d4 d5 3. Nc3 dxe4 4. Nxe4 Nd7 5. Nf3 Ngf6 6. Nc3 Be7 7. Be3 O-O 8.
Qd2 c5 9. O-O-O b6 10. Rg1 Bb7 11. Be2 Ng4 12. h3 Nxe3 13. fxe3 Nf6 14. g4 Rc8
15. Qe1 Nd5 16. Nxd5 Qxd5 17. c4 Qd7 18. Ne5 Qa4 19. Kb1 Rfd8 20. Qf2 f6 21.
Rdf1 Be4+ 22. Ka1 Bf8 23. Nf3 Bxf3 24. Qxf3 cxd4 25. g5 f5 26. e4 Rc5 27. Bd1
Qc6 28. Bc2 Rc8 29. Bd3 Ra5 30. exf5 Qa4 31. Bb1 exf5 32. Qb7 Qc6 33. Qxc6 Rxc6
34. Bxf5 Re5 35. Bxh7+ Kxh7 36. Rxf8 Kg6 37. b3 Rce6 38. Kb1 Re2 39. h4 Rh2 40.
Rd8 Rxh4 41. Kc2 Re2+ 42. Kd3 Re3+ 43. Kc2 Rh2+ 44. Kb1 Rd3 45. Rd7 Rdd2 46.
Rxa7 d3 47. Rd7 Rb2+ 48. Kc1 d2+ 0-1

[Event "DEM U14 2016"]
[Site "Willingen GER"]
[Date "2016.05.19"]
[Round "7"]
[White "Meric, Geoffrey"]
[Black "Tong, Kevin"]
[Result "0-1"]
[Termination "normal"]
[Board "11"]
[WhiteElo "1873"]
[BlackElo "2037"]
[WhiteClock "00:28:15"]
[BlackClock "00:28:19"]
[PlyCount "100"]
[WhiteFideId "26092891"]
[BlackFideId "12913944"]
[EventCountry "GER"]
[EventRounds "9"]
[EventType "swiss"]
[EventDate "2016.05.14"]

1. e4 e5 2. Nf3 Nc6 3. Bb5 a6 4. Ba4 Nf6 5. d3 b5 6. Bb3 h6 7. O-O d6 8. c3 Be7
9. Nbd2 O-O 10. Re1 Na5 11. Bc2 c5 12. Nf1 Be6 13. d4 Qc7 14. d5 Bd7 15. Ng3 b4
16. h3 Rab8 17. Nh2 bxc3 18. bxc3 Rfe8 19. Qf3 Nc4 20. Ng4 Nxg4 21. hxg4 Qa5
22. Nf5 Bxf5 23. gxf5 f6 24. Qg3 Kh8 25. Bd1 Bf8 26. Bh5 Re7 27. Qd3 Nb2 28.
Qh3 Nc4 29. g4 g5 30. fxg6 Kg7 31. Qf3 Qd8 32. Bxh6+ Kxh6 33. Qxf6 Rg7 34. Qf5
Qg5 35. Kg2 Be7 36. Rh1 Rf8 37. Qxg5+ Kxg5 38. Rab1 Nd2 39. Rhe1 Nxb1 40. Rxb1
Kf4 41. Re1 Kg5 42. Rb1 Ra8 43. Rb6 Bf8 44. Kg3 Rd7 45. Rb1 Bg7 46. f3 a5 47.
a4 Raa7 48. Rf1 Rab7 49. f4+ exf4+ 50. Rxf4 Be5 0-1

[Event "DEM U14 2016"]
[Site "Willingen GER"]
[Date "2016.05.19"]
[Round "7"]
[White "Pfreundt, Mathis"]
[Black "Röhr, Tobias"]
[Result "1-0"]
[Termination "normal"]
[Board "12"]
[WhiteElo "1851"]
[BlackElo "1898"]
[WhiteClock "00:38:32"]
[BlackClock "00:29:27"]
[PlyCount "123"]
[WhiteFideId "12967092"]
[BlackFideId "12963089"]
[EventCountry "GER"]
[EventRounds "9"]
[EventType "swiss"]
[EventDate "2016.05.14"]

1. e4 c5 2. Nf3 e6 3. b3 a6 4. Bb2 Nc6 5. c4 d6 6. Be2 Nf6 7. Nc3 Rb8 8. d4
cxd4 9. Nxd4 Be7 10. O-O e5 11. Nc2 O-O 12. Qd2 b6 13. Rad1 Bb7 14. Ba3 Ne8 15.
Bg4 Bc8 16. Bxc8 Qxc8 17. Nd5 Bd8 18. Nce3 Nd4 19. Bb2 Ne6 20. Nf5 Qd7 21. Ba3
g6 22. Nxd6 Bg5 23. Nxe8 Qxe8 24. Qc3 Nc5 25. Bxc5 bxc5 26. Qg3 Bd8 27. Ne3 Qe6
28. Rd5 Bf6 29. Rxc5 Rbd8 30. Rd5 Bg7 31. Rfd1 Rxd5 32. cxd5 Qd7 33. Nc4 f6 34.
d6 Rc8 35. Nb6 Qxd6 36. Nd5 Kh8 37. Qd3 Qc5 38. g4 a5 39. Ne3 h6 40. Qc4 Qf8
41. Qb5 Qa3 42. Qd7 Rf8 43. Qd2 h5 44. Nc4 Qe7 45. gxh5 gxh5 46. Qd7 Qc5 47.
Qf5 Bh6 48. Rd7 Rg8+ 49. Kf1 Rg7 50. Qxf6 Kh7 51. Qf5+ Kh8 52. Rxg7 Bxg7 53.
Qxh5+ Kg8 54. h4 Qd4 55. Qe2 Qd7 56. Kg2 Qd8 57. Qg4 Qc7 58. h5 Kh8 59. Qg6 Bf8
60. h6 Qe7 61. h7 Qc5 62. Qg8# 1-0

[Event "DEM U14 2016"]
[Site "Willingen GER"]
[Date "2016.05.19"]
[Round "7"]
[White "Mühlpfordt, Thomas"]
[Black "Suvorov, Luca"]
[Result "0-1"]
[Termination "normal"]
[Board "13"]
[WhiteElo "1707"]
[BlackElo "1995"]
[WhiteClock "00:22:37"]
[BlackClock "00:12:00"]
[PlyCount "94"]
[WhiteFideId "12986623"]
[BlackFideId "12977071"]
[EventCountry "GER"]
[EventRounds "9"]
[EventType "swiss"]
[EventDate "2016.05.14"]

1. e4 c5 2. Nf3 Nc6 3. Nc3 e5 4. Bc4 d6 5. d3 Be7 6. Nd2 Nf6 7. Nf1 O-O 8. Ne3
g6 9. O-O Nh5 10. Ned5 Bg5 11. f4 Nxf4 12. Nxf4 exf4 13. Bxf4 Bxf4 14. Rxf4 Ne5
15. Bb3 Qg5 16. Nd5 Kg7 17. Qf1 Be6 18. c3 Nxd3 19. Rf3 Bxd5 20. Bxd5 Ne5 21.
Rf4 Qe7 22. Qb5 Rab8 23. Raf1 f6 24. Qe2 b5 25. Qd2 Nd7 26. Rh4 g5 27. Rh5 Nb6
28. Rf3 Nxd5 29. Qxd5 h6 30. Rd3 Rbd8 31. Qf5 Qe5 32. Qf3 f5 33. Re3 fxe4 34.
Qxe4 Qxe4 35. Rxe4 Rde8 36. Rxe8 Rxe8 37. Kf2 Rf8+ 38. Ke3 Re8+ 39. Kd3 Re1 40.
Rh3 Kg6 41. Rf3 Rd1+ 42. Kc2 Rd5 43. g4 Re5 44. Kd3 Re1 45. Rf8 Rh1 46. Rd8 Kf7
47. Rxd6 Rd1+ 0-1

[Event "DEM U14 2016"]
[Site "Willingen GER"]
[Date "2016.05.19"]
[Round "7"]
[White "von Estorff, Jacob"]
[Black "Bui, Hai Lam"]
[Result "1/2-1/2"]
[Termination "normal"]
[Board "14"]
[WhiteElo "1876"]
[BlackElo "2025"]
[WhiteClock "00:25:35"]
[BlackClock "00:28:40"]
[PlyCount "108"]
[WhiteFideId "12974501"]
[BlackFideId "12975737"]
[EventCountry "GER"]
[EventRounds "9"]
[EventType "swiss"]
[EventDate "2016.05.14"]

1. e4 c5 2. Nf3 d6 3. d4 cxd4 4. Nxd4 Nf6 5. Nc3 a6 6. Be3 e6 7. Qf3 Nbd7 8.
Rg1 h5 9. h3 h4 10. O-O-O Qc7 11. g4 hxg3 12. Qxg3 Rh5 13. f4 b5 14. Be2 Rc5
15. Nxe6 fxe6 16. Bxc5 Qxc5 17. Qg6+ Kd8 18. e5 dxe5 19. fxe5 Qxe5 20. Rge1 Qf5
21. Qg2 Qf4+ 22. Kb1 Rb8 23. Bg4 Bb7 24. Qg1 Nxg4 25. Rf1 Qb4 26. hxg4 Kc7 27.
Rf7 Rd8 28. Qa7 Bd6 29. Rxg7 Qc5 30. Qxc5+ Bxc5 31. Re1 Bd4 32. Rh7 Rg8 33. Ne2
Rxg4 34. Rd1 Rg7 35. Rxg7 Bxg7 36. Nf4 Be5 37. Nxe6+ Kc8 38. Rg1 Bc6 39. Rg8+
Kb7 40. Nd8+ Kc7 41. Nxc6 Kxc6 42. c3 Nc5 43. Kc2 Bd6 44. Rc8+ Kb7 45. Rd8 Kc7
46. Rg8 Na4 47. Ra8 Kb7 48. Rd8 Bc7 49. Rg8 Nb6 50. Rg6 a5 51. Rh6 Nc8 52. Rh4
Kb6 53. a4 bxa4 54. Rxa4 Nd6 1/2-1/2

[Event "DEM U14 2016"]
[Site "Willingen GER"]
[Date "2016.05.19"]
[Round "7"]
[White "Oganessjan, Artur"]
[Black "Lange, Jannis"]
[Result "1-0"]
[Termination "normal"]
[Board "15"]
[WhiteElo "1990"]
[BlackElo "1768"]
[WhiteClock "00:34:28"]
[BlackClock "00:03:01"]
[PlyCount "81"]
[WhiteFideId "12986062"]
[BlackFideId "12993107"]
[EventCountry "GER"]
[EventRounds "9"]
[EventType "swiss"]
[EventDate "2016.05.14"]

1. e4 c5 2. Nc3 Nc6 3. Bb5 e6 4. Bxc6 bxc6 5. d3 d5 6. Nge2 Ba6 7. O-O Ne7 8.
b3 Ng6 9. f4 Bd6 10. Bd2 Qc7 11. Qe1 c4 12. bxc4 dxc4 13. d4 O-O 14. Kh1 Bb7
15. Rb1 a6 16. f5 exf5 17. exf5 Ne7 18. Qh4 Bc8 19. f6 Ng6 20. Qh5 Re8 21. fxg7
Rb8 22. Rxb8 Qxb8 23. Qf3 Be6 24. Ne4 Be7 25. Nf4 Kxg7 26. Nh5+ Kh8 27. Nhf6
Rg8 28. Nxg8 Qxg8 29. Bg5 f5 30. Bxe7 Nxe7 31. Nc3 Nd5 32. Nxd5 Bxd5 33. Qg3
Qxg3 34. hxg3 Be4 35. c3 Kg7 36. Kg1 Kg6 37. Rf2 Kg5 38. Rb2 Kg4 39. Kf2 f4 40.
gxf4 Kxf4 41. Rb6 1-0

[Event "DEM U14 2016"]
[Site "Willingen GER"]
[Date "2016.05.19"]
[Round "7"]
[White "Rockmann, Jan-Okke"]
[Black "Biermann, Florian"]
[Result "0-1"]
[Termination "normal"]
[Board "16"]
[WhiteElo "1885"]
[BlackElo "1964"]
[PlyCount "44"]
[WhiteFideId "12942111"]
[BlackFideId "12970069"]
[EventCountry "GER"]
[EventRounds "9"]
[EventType "swiss"]
[EventDate "2016.05.14"]

1. e4 c5 2. Nf3 e6 3. Nc3 a6 4. g3 b5 5. d4 cxd4 6. Nxd4 Bb7 7. Bg2 Nf6 8. O-O
b4 9. e5 Bxg2 10. exf6 bxc3 11. fxg7 Bxg7 12. Kxg2 O-O 13. bxc3 Qa5 14. Qf3 Nc6
15. h4 Rac8 16. h5 Ne5 17. Qf4 Qd5+ 18. Kh2 h6 19. Be3 Rxc3 20. Rad1 Nc4 21.
Qg4 Rxe3 22. Nb3 Qf3 0-1

[Event "DEM U14 2016"]
[Site "Willingen GER"]
[Date "2016.05.19"]
[Round "7"]
[White "Recktenwald, Cedric"]
[Black "Pölt, Christoph"]
[Result "1/2-1/2"]
[Termination "normal"]
[Board "17"]
[WhiteElo "1563"]
[BlackElo "1767"]
[PlyCount "72"]
[WhiteFideId "12971928"]
[BlackFideId "12960853"]
[EventCountry "GER"]
[EventRounds "9"]
[EventType "swiss"]
[EventDate "2016.05.14"]

1. e4 c5 2. Nf3 d6 3. Bb5+ Bd7 4. Bxd7+ Nxd7 5. O-O Ngf6 6. Re1 g6 7. c3 Bg7 8.
d4 e5 9. dxe5 dxe5 10. c4 O-O 11. Nc3 Re8 12. b3 a6 13. Bb2 Qe7 14. Qe2 Rad8
15. Nd2 Bh6 16. Nf1 Bf4 17. Ne3 Bxe3 18. Qxe3 b6 19. Rad1 Nf8 20. Rxd8 Rxd8 21.
Nd5 Qd6 22. Qg5 Nxd5 23. exd5 f6 24. Qh4 g5 25. Qe4 Ng6 26. g3 Kg7 27. Qg2 Rg8
28. Kh1 Kf7 29. Qh3 Rg7 30. Qf5 Ne7 31. Qh3 Ng6 32. Qh5 Kg8 33. Re3 a5 34. Qg4
Rf7 35. Qc8+ Rf8 36. Qh3 Rf7 1/2-1/2

[Event "DEM U14 2016"]
[Site "Willingen GER"]
[Date "2016.05.19"]
[Round "7"]
[White "Righi, Sofian"]
[Black "Brunner, Jan"]
[Result "0-1"]
[Termination "normal"]
[Board "18"]
[WhiteElo "1734"]
[BlackElo "1963"]
[PlyCount "38"]
[WhiteFideId "12987581"]
[BlackFideId "12981010"]
[EventCountry "GER"]
[EventRounds "9"]
[EventType "swiss"]
[EventDate "2016.05.14"]

1. d4 Nf6 2. c4 e6 3. Nc3 Bb4 4. a3 Bxc3+ 5. bxc3 b6 6. f3 d6 7. e4 Nbd7 8. Be3
c5 9. Bd3 Bb7 10. Ne2 Qe7 11. O-O h6 12. Ng3 g6 13. f4 h5 14. e5 Ng4 15. Qd2
Qh4 16. h3 Qxg3 17. hxg4 hxg4 18. Rfe1 Rh2 19. Ra2 Rxg2+ 0-1

[Event "DEM U14 2016"]
[Site "Willingen GER"]
[Date "2016.05.19"]
[Round "7"]
[White "Engel, Robert"]
[Black "Biermann, Lenhard"]
[Result "1-0"]
[Termination "normal"]
[Board "19"]
[WhiteElo "1757"]
[BlackElo "1711"]
[PlyCount "81"]
[WhiteFideId "12974684"]
[BlackFideId "12970077"]
[EventCountry "GER"]
[EventRounds "9"]
[EventType "swiss"]
[EventDate "2016.05.14"]

1. d4 e6 2. c4 Nf6 3. Nc3 Bb4 4. Bg5 h6 5. Bh4 g5 6. Bg3 Ne4 7. Qd3 f5 8. e3 d6
9. Nge2 Bxc3+ 10. Nxc3 Nxc3 11. Qxc3 Nd7 12. Be2 Nf6 13. f3 Qe7 14. O-O-O Bd7
15. Kb1 O-O-O 16. Rc1 Nh5 17. Qa3 Kb8 18. Be1 Rh7 19. Bb4 Bc6 20. c5 d5 21. Bd2
f4 22. b4 Qd7 23. Qa5 a6 24. Rc3 fxe3 25. Bxe3 e5 26. Rhc1 exd4 27. Bxd4 Nf4
28. Bd1 Re7 29. a4 Ne2 30. Bxe2 Rxe2 31. Ra3 Qf5+ 32. Ka1 Qf4 33. Bb2 Qd2 34.
Rb1 Rde8 35. Bc3 Qc2 36. b5 Qd3 37. bxc6 Re1 38. Rab3 Rxb1+ 39. Rxb1 Re1 40.
Rxe1 d4 41. Qb4 1-0

[Event "DEM U14 2016"]
[Site "Willingen GER"]
[Date "2016.05.19"]
[Round "7"]
[White "Yankelevich, Michael"]
[Black "Bajorski, Marius"]
[Result "1-0"]
[Termination "normal"]
[Board "21"]
[WhiteElo "1960"]
[BlackElo "1793"]
[PlyCount "57"]
[WhiteFideId "12921440"]
[BlackFideId "12938831"]
[EventCountry "GER"]
[EventRounds "9"]
[EventType "swiss"]
[EventDate "2016.05.14"]

1. e4 e5 2. Nf3 Nc6 3. Bc4 Bc5 4. c3 Nf6 5. d3 a6 6. h3 d6 7. Bb3 Ba7 8. Nbd2
Ne7 9. Nf1 Ng6 10. Ng3 O-O 11. Nh2 Be6 12. Ng4 Nh4 13. Kf1 Ng6 14. Bg5 d5 15.
Bxf6 Bxg4 16. Bxd8 Bxd1 17. Rxd1 Raxd8 18. exd5 Nf4 19. c4 c6 20. dxc6 Nxd3 21.
c7 Rd4 22. Nf5 Nxf2 23. Rxd4 Bxd4 24. Ne7+ Kh8 25. Rh2 Nd3 26. c8=Q Rxc8 27.
Nxc8 Bxb2 28. g4 Bd4 29. Nd6 1-0

[Event "DEM U14 2016"]
[Site "Willingen GER"]
[Date "2016.05.19"]
[Round "7"]
[White "Roth, Jakob"]
[Black "Gutschenreiter, Donato"]
[Result "1-0"]
[Termination "normal"]
[Board "22"]
[WhiteElo "1847"]
[BlackElo "1870"]
[PlyCount "85"]
[WhiteFideId "12952605"]
[BlackFideId "12975540"]
[EventCountry "GER"]
[EventRounds "9"]
[EventType "swiss"]
[EventDate "2016.05.14"]

1. d4 Nf6 2. c4 e6 3. Nc3 c5 4. d5 exd5 5. cxd5 d6 6. e4 g6 7. f4 Bg7 8. Bb5+
Nfd7 9. Nf3 O-O 10. O-O a6 11. Bd3 b5 12. a3 Re8 13. Kh1 Nf6 14. Re1 Bg4 15. h3
Bxf3 16. Qxf3 Nbd7 17. Be3 Qc7 18. Bf2 Rab8 19. Re2 Nb6 20. Rae1 Nfd7 21. Bg3
b4 22. axb4 cxb4 23. Nd1 a5 24. Bb5 Re7 25. Bh4 f6 26. Ne3 Rbe8 27. Nc2 Qc5 28.
Bc6 Nc8 29. Bf2 Qc4 30. Nd4 Qa6 31. Ne6 Qc4 32. Bd4 Rxe6 33. Bxd7 R6e7 34. Bxe8
Qxd4 35. Bc6 Nb6 36. Qe3 Qxe3 37. Rxe3 Nc4 38. R3e2 Bh6 39. g3 Ra7 40. Rc1 Ne5
41. Bb5 Kf7 42. Rec2 Nf3 43. Rc7+ 1-0